| 000 | 00502 a2200181 4500 | ||
|---|---|---|---|
| 001 | 139007 | ||
| 020 | _a9788574066912 | ||
| 040 | _cLeonardo Da Vinci | ||
| 041 | _aPortuguês | ||
| 082 |
_aI Q3 _bQ3 |
||
| 100 | _aRODRIGUES, André... [et al.] | ||
| 245 |
_aQuem manda aqui? _bum livro sobre política para crianças |
||
| 260 |
_bCompanhia das Letrinhas _c2022 _aSão Paulo |
||
| 300 | _a[48] p | ||
| 362 | _a20220000 | ||
| 697 |
_aPolítica _aDemocracia _aLiteratura infantojuvenil |
||
| 942 | _cBK | ||
| 999 |
_c139007 _d139007 |
||